00915nam a2200241 i 450000100060000000300090000600500170001500700030003200800410003502000180007604000220009408000220011610000390013824500750017726000940025230000210034649000260036771000740039383000340046785200330050199900170053495201220055113913ES-MaACL20230906150705.0t|961002s1996 sp ||||0| spa j a84-921818-0-X aM-BN bspa cM-BN a860(728.6)-31"19"1 aDurán Ayanegui, Fernando.94620514aLas estirpes de Montánchez b: novela / cFernando Durán Ayanegui. aCáceres : bCentro Extremeño de Estudios y Cooperación Iberoamericanos,cD.L. 1996. a118 p ; c22 cm.1 aExtremadura América2 aCentro Extremeño de Estudios y Cooperación Iberoamericanos.927370 aExtremadura América9228474 aES-MaACLjL-21092 bR.125431 c13913d13913 00104070aATENEOMbATENEOMcDEPO2d2008-01-17eSCl0oL-21092p1014157r2023-02-23 00:00:00w2023-02-23yMONOGRAFIA